00928nam a2200193 a 450000100100000000500170001000800410002704000250006824500680009326000660016130000200022749000200024783000270026704900090029495201200030395201050042395201890052899900170071700002793020200930031217.0110405s1988 dr ac 000 0 spa d aDO-SdBNPbspacBNPHU00aNora Astorga guerrillera ... embajadora de la paz y de la vida. aSanto Domingo :bEdiciones FeministasbEditora Taller,c1988. a35 p. ;c21 cm.1 aMinerva Mirabal 0aMinerva Mirabal938597 aBNPD 001054708DSaGRbGRcHDd2015-08-24iLF1l0o p27930-30r2020-06-25te. 3w2020-06-25yLFDSZPréstamo en sala 0010718PDaPDbPDcHDd2011-04-05iLF1l0o p27930-10r2020-06-25w2020-06-25yLFPDZNo se presta 0010718PDaPDbPDcHDd2011-04-11iLF1l0o p27930-20r2020-06-25te. 2w2020-06-25yLFPDzPerteneció a la biblioteca personal de Chiqui Vicioso / Fidelio Despradel.ZNo se presta c27422d27422